[Event "GRE-chT 37th"]
[Site "Kallithea"]
[Date "2009.07.05"]
[Round "3"]
[White "Dimitrov, Atanas Valtchev"]
[Black "Karapanos, Nikolaos"]
[Result "1-0"]
[WhiteElo "2345"]
[BlackElo "2208"]
[PlyCount "73"]
[EventDate "2009.07.03"]
[EventType "team-tourn"]
[EventRounds "9"]
[EventCountry "GRE"]
[SourceTitle "CBM 131 Extra"]
[Source "ChessBase"]
[SourceDate "2009.09.03"]
[SourceVersion "2"]
[SourceVersionDate "2009.09.16"]
[SourceQuality "1"]

1. d4 Nf6 2. Nf3 g6 3. c4 Bg7 4. Nc3 0-0 5. e4 d6 6. Be2 e5 7. 0-0 Nc6 8. d5 Ne7 9. a4 a5 10. Kh1 Ne8 11. g3 h6 12. Bd2 Kh7 13. Ra3 c6 14. Rb3 Nc7 15. Ne1 Na6 16. Nd3 f5 17. f3 Ng8 18. Be3 c5 19. f4 exf4 20. Nxf4 Nb4 21. Ne6 Qe7 22. Nxf8+ Bxf8 23. Nb5 Nf6 24. e5 Qxe5 25. Bf4 Qe4+ 26. Kg1 Ra6 27. Re3 Qc2 28. Nc7 Rb6 29. Na8 Ra6 30. Nc7 Rb6 31. Ne6 Bxe6 32. Rxe6 Qxb2 33. Be5 dxe5 34. Rxb6 e4 35. Qa1 Qxe2 36. Qxf6 Qe3+ 37. Kh1 1-0

[Event "Pirgou Sphlios op 2nd"]
[Site "Greece"]
[Date "2007.08.18"]
[Round "6"]
[White "Karapanos, Nikolaos"]
[Black "Gazis, Efstathios"]
[Result "0-1"]
[WhiteElo "2190"]
[BlackElo "2295"]
[PlyCount "78"]
[EventDate "2007.08.16"]
[EventType "swiss"]
[EventRounds "7"]
[EventCountry "GRE"]
[SourceTitle "EXT 2008"]
[Source "ChessBase"]
[SourceDate "2007.11.25"]
[SourceVersion "1"]
[SourceVersionDate "2007.11.25"]
[SourceQuality "1"]

1. d4 Nf6 2. c4 e6 3. g3 Bb4+ 4. Bd2 Qe7 5. Bg2 Nc6 6. Nf3 Bxd2+ 7. Nbxd2 d6 8. 0-0 a5 9. Rc1 e5 10. e3 0-0 11. a3 a4 12. d5 Nb8 13. c5 Nbd7 14. cxd6 cxd6 15. Ng5 Ne8 16. f4 exf4 17. exf4 Nc5 18. Re1 Qd8 19. Qc2 Nf6 20. Nde4 Bf5 21. Qc3 Bxe4 22. Nxe4 Nfxe4 23. Bxe4 Re8 24. Bc2 Qb6 25. Kg2 Qb5 26. Qb4 Qd7 27. h3 h5 28. Qd4 Qb5 29. Qb4 Qa6 30. Qd2 Kf8 31. f5 Nd7 32. Re6 fxe6 33. fxe6 Nf6 34. Rf1 Ke7 35. Bg6 Qc4 36. Qe3 Qxd5+ 37. Kh2 Rac8 38. Rxf6 gxf6 39. Qh6 Kxe6 0-1

[Event "Pirgou Sphlios op 2nd"]
[Site "Greece"]
[Date "2007.08.17"]
[Round "3"]
[White "Soumpasis, S."]
[Black "Karapanos, Nikolaos"]
[Result "0-1"]
[WhiteElo "1885"]
[BlackElo "2190"]
[PlyCount "62"]
[EventDate "2007.08.16"]
[EventType "swiss"]
[EventRounds "7"]
[EventCountry "GRE"]
[SourceTitle "EXT 2008"]
[Source "ChessBase"]
[SourceDate "2007.11.25"]
[SourceVersion "1"]
[SourceVersionDate "2007.11.25"]
[SourceQuality "1"]

1. e4 c5 2. Nf3 Nc6 3. d4 cxd4 4. Nxd4 g6 5. Nc3 Bg7 6. Be3 Nf6 7. Bc4 0-0 8. f3 e6 9. Qd2 d5 10. exd5 exd5 11. Bb3 Nxd4 12. Bxd4 Re8+ 13. Kf2 Be6 14. Rad1 Rc8 15. Rhe1 a6 16. Be5 Ne4+ 17. fxe4 Bxe5 18. Kg1 Bg4 19. Rc1 Qd6 20. g3 Qb6+ 21. Kg2 Bxc3 22. bxc3 dxe4 23. Qf4 Bf3+ 24. Kf1 Qb5+ 25. c4 Qc5 26. Re3 Re5 27. Rce1 Rf5 28. Qh4 Rh5 29. Qf6 Rxh2 30. Ba4 Qh5 31. Rxf3 Qh3+ 0-1

[Event "Pirgou Sphlios op 2nd"]
[Site "Greece"]
[Date "2007.08.16"]
[Round "2"]
[White "Karapanos, Nikolaos"]
[Black "Papandreou, Giorgos"]
[Result "1-0"]
[WhiteElo "2190"]
[BlackElo "1575"]
[PlyCount "63"]
[EventDate "2007.08.16"]
[EventType "swiss"]
[EventRounds "7"]
[EventCountry "GRE"]
[SourceTitle "EXT 2008"]
[Source "ChessBase"]
[SourceDate "2007.11.25"]
[SourceVersion "1"]
[SourceVersionDate "2007.11.25"]
[SourceQuality "1"]

1. e4 e5 2. Nf3 Nc6 3. d4 exd4 4. c3 dxc3 5. Bc4 Bc5 6. Bxf7+ Kxf7 7. Qd5+ Ke8 8. Qh5+ Kf8 9. Qxc5+ d6 10. Qxc3 Qf6 11. Bg5 Qxc3+ 12. Nxc3 Be6 13. 0-0 h6 14. Be3 Nf6 15. h3 Re8 16. Nd2 Ke7 17. a3 g5 18. b4 g4 19. h4 a6 20. Rfc1 Kd8 21. b5 axb5 22. Nxb5 Bf7 23. Nd4 Na5 24. f3 gxf3 25. gxf3 Nd5 26. Nf5 Nxe3 27. Nxe3 Ref8 28. Rab1 Bh5 29. Rb5 Bxf3 30. Rxa5 Rhg8+ 31. Kh2 Bxe4 32. Nxe4 1-0

[Event "Porto Carras op 2nd"]
[Site "Porto Carras"]
[Date "2005.04.24"]
[Round "3"]
[White "Karapanos, Nikolaos"]
[Black "Panagiotopoulos, Vasilios"]
[Result "1-0"]
[WhiteElo "2238"]
[BlackElo "2041"]
[PlyCount "47"]
[EventDate "2005.04.22"]
[EventType "swiss"]
[EventRounds "9"]
[EventCountry "GRE"]
[SourceTitle "CBM 105 Extra"]
[Source "ChessBase"]
[SourceDate "2005.05.01"]
[SourceVersion "1"]
[SourceVersionDate "2005.05.01"]
[SourceQuality "1"]

1. d4 Nf6 2. c4 g6 3. Nc3 Bg7 4. e4 d6 5. f4 0-0 6. Nf3 Nfd7 7. Be2 c5 8. d5 Na6 9. 0-0 f5 10. exf5 Rxf5 11. Bd3 Rf8 12. Ng5 Nf6 13. f5 gxf5 14. Bxf5 Bxf5 15. Rxf5 Nc7 16. Qd3 h6 17. Rxf6 Rxf6 18. Qh7+ Kf8 19. Nge4 Ne8 20. Be3 Rf7 21. Bxh6 Nf6 22. Qh8+ Ng8 23. Ng5 Bxh6 24. Ne6+ 1-0

[Event "GRE-chT"]
[Site "Aghia Pelagia"]
[Date "2004.07.11"]
[Round "9.3"]
[White "Karapanos, Nikolaos"]
[Black "Tzermiadianos, Andreas"]
[Result "1/2-1/2"]
[WhiteElo "2248"]
[BlackElo "2452"]
[PlyCount "93"]
[EventDate "2004.07.04"]
[EventType "team"]
[EventRounds "9"]
[EventCountry "GRE"]
[SourceTitle "CBM 101 Extra"]
[Source "ChessBase"]
[SourceDate "2004.09.01"]
[SourceVersion "2"]
[SourceVersionDate "2004.09.01"]
[SourceQuality "1"]
[WhiteTeam "04"]
[BlackTeam "08"]
[WhiteTeamCountry "GRE"]
[BlackTeamCountry "GRE"]

1. Nf3 Nf6 2. b3 g6 3. Bb2 Bg7 4. e4 0-0 5. e5 Ne8 6. d4 d6 7. Nbd2 c5 8. dxc5 dxe5 9. Bxe5 Qa5 10. Bxg7 Nxg7 11. Bc4 Be6 12. 0-0 Nc6 13. Re1 Rfd8 14. Qe2 Qxc5 15. Bxe6 Nxe6 16. Ne4 Qa5 17. c3 Rd7 18. b4 Qc7 19. g3 a5 20. Qe3 Ne5 21. Nd4 Nxd4 22. cxd4 Ng4 23. Qf3 Nf6 24. Nxf6+ exf6 25. bxa5 Kg7 26. Rab1 Rxa5 27. Rec1 Qb8 28. a3 Qa7 29. Rb3 Rf5 30. Qe3 Rfd5 31. Rc8 Qxd4 32. Qxd4 Rxd4 33. Rb8 Ra4 34. R8xb7 Rxb7 35. Rxb7 Rxa3 36. h4 f5 37. Kg2 Ra4 38. Kf3 h6 39. Rb5 Re4 40. h5 Kf6 41. hxg6 fxg6 42. Rb6+ Kg5 43. Kg2 Ra4 44. f4+ Kh5 45. Rf6 g5 46. Kh3 Ra5 47. Rxf5 1/2-1/2

[Event "GRE-chT"]
[Site "Aghia Pelagia"]
[Date "2004.07.09"]
[Round "7.4"]
[White "Sigalas, Frangiskos"]
[Black "Karapanos, Nikolaos"]
[Result "1-0"]
[WhiteElo "2277"]
[BlackElo "2248"]
[PlyCount "79"]
[EventDate "2004.07.04"]
[EventType "team"]
[EventRounds "9"]
[EventCountry "GRE"]
[SourceTitle "CBM 101 Extra"]
[Source "ChessBase"]
[SourceDate "2004.09.01"]
[SourceVersion "2"]
[SourceVersionDate "2004.09.01"]
[SourceQuality "1"]
[WhiteTeam "13"]
[BlackTeam "04"]
[WhiteTeamCountry "GRE"]
[BlackTeamCountry "GRE"]

1. e4 c5 2. Nc3 Nc6 3. f4 g6 4. Nf3 Bg7 5. Bc4 e6 6. 0-0 Nge7 7. e5 d5 8. exd6 Qxd6 9. Ne4 Qc7 10. d3 b6 11. a3 0-0 12. Qe1 Nf5 13. g4 Nd6 14. Ba2 Nxe4 15. dxe4 Ba6 16. Rf2 Nd4 17. c3 Nxf3+ 18. Rxf3 Bb7 19. f5 exf5 20. gxf5 Qe7 21. fxg6 hxg6 22. Bf4 Rad8 23. Re3 g5 24. Bg3 Rfe8 25. Qe2 Rd7 26. Rf1 Qd8 27. Qh5 Rf8 28. Bd6 Rxd6 29. Bxf7+ Rxf7 30. Qxf7+ Kh7 31. Rh3+ Rh6 32. Rxh6+ Kxh6 33. Qxb7 Qd2 34. Qd5 Qxb2 35. Qe6+ Kh7 36. Qf5+ Kh6 37. Qh3+ Kg6 38. Rd1 Qe2 39. Rd6+ Bf6 40. Qf5+ 1-0

[Event "GRE-chT"]
[Site "Aghia Pelagia"]
[Date "2004.07.05"]
[Round "2.4"]
[White "Karapanos, Nikolaos"]
[Black "Nikolaidis, Ioannis"]
[Result "0-1"]
[WhiteElo "2248"]
[BlackElo "2516"]
[PlyCount "54"]
[EventDate "2004.07.04"]
[EventType "team"]
[EventRounds "9"]
[EventCountry "GRE"]
[SourceTitle "CBM 101 Extra"]
[Source "ChessBase"]
[SourceDate "2004.09.01"]
[SourceVersion "2"]
[SourceVersionDate "2004.09.01"]
[SourceQuality "1"]
[WhiteTeam "04"]
[BlackTeam "01"]
[WhiteTeamCountry "GRE"]
[BlackTeamCountry "GRE"]

1. e4 e6 2. d4 d5 3. Nd2 Nc6 4. Ngf3 Nf6 5. e5 Nd7 6. c3 f6 7. exf6 Qxf6 8. Bb5 Bd6 9. 0-0 0-0 10. Nb3 e5 11. dxe5 Ndxe5 12. Nxe5 Nxe5 13. f4 Nf7 14. Be3 c6 15. Bd3 Nh6 16. Bd4 Qh4 17. g3 Qh3 18. Re1 Bg4 19. Qd2 Bf5 20. Bf1 Qh5 21. Bc5 Rad8 22. Bxa7 g5 23. fxg5 Ng4 24. Bc5 Be4 25. Bd4 Bxg3 26. Rxe4 Bf2+ 27. Qxf2 Rxf2 0-1

[Event "Ikaros op"]
[Site "Ikaros"]
[Date "2003.07.15"]
[Round "4"]
[White "Pozharsky, Viktor"]
[Black "Karapanos, Nikolaos"]
[Result "1-0"]
[WhiteElo "2429"]
[BlackElo "2243"]
[PlyCount "63"]
[EventDate "2003.07.12"]
[EventType "swiss"]
[EventRounds "9"]
[EventCountry "GRE"]
[SourceTitle "CBM 095 Extra"]
[Source "ChessBase"]
[SourceDate "2003.09.04"]
[SourceVersion "1"]
[SourceVersionDate "2003.09.04"]
[SourceQuality "1"]

1. Nf3 g6 2. d4 f5 3. c4 Bg7 4. Nc3 Nf6 5. g3 0-0 6. Bg2 d6 7. 0-0 Nc6 8. d5 Ne5 9. Nxe5 dxe5 10. Qb3 h6 11. Rd1 Kh7 12. c5 a6 13. Qb4 Rf7 14. d6 exd6 15. cxd6 cxd6 16. Rxd6 Qe7 17. Be3 Nd7 18. Nd5 Qf8 19. Nc7 f4 20. Nxa8 fxe3 21. fxe3 Nf6 22. Qd2 Bf5 23. Rd8 Qc5 24. Rc1 Qa7 25. Rc7 Rxc7 26. Nxc7 Qc5 27. Ne8 Ng4 28. Nxg7 Nxe3 29. Qc3 Qb6 30. Qxe5 Nc2+ 31. e3 Qxd8 32. Ne8 1-0

[Event "Patras op"]
[Site "Patras"]
[Date "2002.08.04"]
[Round "5.14"]
[White "Ziogas, Paris"]
[Black "Karapanos, Nikolaos"]
[Result "0-1"]
[WhiteElo "2058"]
[BlackElo "2237"]
[PlyCount "58"]
[EventDate "2002.08.??"]
[EventType "swiss"]
[EventRounds "9"]
[EventCountry "GRE"]
[SourceTitle "CBM 089 Extra"]
[Source "ChessBase"]
[SourceDate "2002.09.10"]
[SourceVersion "2"]
[SourceVersionDate "2002.09.10"]
[SourceQuality "1"]

1. e4 g6 2. d4 Bg7 3. Nc3 c6 4. f4 d5 5. e5 Nh6 6. Nf3 0-0 7. Be3 f6 8. Qd2 b5 9. Bd3 Bf5 10. 0-0 Nd7 11. Ne2 Be4 12. a4 bxa4 13. Rxa4 Nb6 14. Ra6 Nf5 15. g4 Nxe3 16. Qxe3 Bxf3 17. Rxf3 fxe5 18. dxe5 c5 19. Qxc5 Bxe5 20. Qa3 Bd6 21. Qb3 Rb8 22. Qc3 Qd7 23. f5 e5 24. fxe6 Qxe6 25. Rxa7 Be5 26. Rxf8+ Rxf8 27. Qb4 Qf6 28. Ng3 Qf2+ 29. Kh1 Bd4 0-1

[Event "Patras op"]
[Site "Patras"]
[Date "2002.08.01"]
[Round "1.16"]
[White "Holis, Hristos"]
[Black "Karapanos, Nikolaos"]
[Result "0-1"]
[WhiteElo "1625"]
[BlackElo "2237"]
[PlyCount "40"]
[EventDate "2002.08.??"]
[EventType "swiss"]
[EventRounds "9"]
[EventCountry "GRE"]
[SourceTitle "CBM 089 Extra"]
[Source "ChessBase"]
[SourceDate "2002.09.10"]
[SourceVersion "2"]
[SourceVersionDate "2002.09.10"]
[SourceQuality "1"]

1. d4 g6 2. c4 Bg7 3. e4 d6 4. Nc3 Nc6 5. Be3 e5 6. Nge2 exd4 7. Nxd4 Nge7 8. Qd2 0-0 9. 0-0-0 f5 10. Nxc6 bxc6 11. c5 d5 12. exd5 cxd5 13. Nxd5 Nxd5 14. Bc4 c6 15. Bd4 Bxd4 16. Qxd4 Be6 17. Rhe1 Bf7 18. Re5 Re8 19. Rde1 Rxe5 20. Qxe5 Qg5+ 0-1

[Event "Aegean op 25th"]
[Site "Aghios Kirykos"]
[Date "2002.07.19"]
[Round "7"]
[White "Khamatgaleev, Alexej"]
[Black "Karapanos, Nikolaos"]
[Result "0-1"]
[WhiteElo "2416"]
[BlackElo "2237"]
[PlyCount "128"]
[EventDate "2002.07.13"]
[EventType "swiss"]
[EventRounds "9"]
[EventCountry "GRE"]
[SourceTitle "CBM 089 Extra"]
[Source "ChessBase"]
[SourceDate "2002.09.10"]
[SourceVersion "2"]
[SourceVersionDate "2002.09.10"]
[SourceQuality "1"]

1. e4 g6 2. d4 Bg7 3. Nc3 d6 4. Be3 Nf6 5. Qd2 Ng4 6. Bg5 h6 7. Bh4 c6 8. Nf3 0-0 9. Bd3 Na6 10. 0-0 Nc7 11. Rfe1 g5 12. Bg3 e5 13. dxe5 Nxe5 14. Be2 Nxf3+ 15. Bxf3 Be5 16. Nd1 Qf6 17. c3 g4 18. Be2 h5 19. Ne3 Qg5 20. Rad1 Ne6 21. Nf5 Qxd2 22. Rxd2 Nc5 23. Nxd6 Bxd6 24. Bxd6 Nxe4 25. Bxf8 Nxd2 26. Bh6 Ne4 27. Bd3 f5 28. f3 Nf6 29. Re7 b5 30. c4 bxc4 31. Bxc4+ Nd5 32. b3 a5 33. Rc7 Ba6 34. Rxc6 Bxc4 35. Rxc4 Kf7 36. Kf2 Nb4 37. a3 Nd5 38. Bd2 Rb8 39. Rd4 Ke6 40. Rd3 Rb5 41. Kg3 Kf6 42. Kh4 Ke5 43. Kxh5 gxf3 44. Rxf3 Rb8 45. Rg3 Nf6+ 46. Kg6 Ne4 47. Bxa5 Ke6 48. Re3 Rg8+ 49. Kh6 Kf6 50. Bc3+ Nxc3 51. Kh7 Rg7+ 52. Kh8 Ne4 53. h4 Rd7 54. g4 Kf7 55. g5 Kg6 56. h5+ Kxg5 57. Re1 Kxh5 58. Kg8 Kg6 59. Kf8 Ra7 60. a4 Kf6 61. Ke8 Nc5 62. Kd8 Nxb3 63. Rb1 Nc5 64. Rb6+ Kg5 0-1

[Event "Chalkida op 5th"]
[Site "Chalkida"]
[Date "2001.11.17"]
[Round "2"]
[White "Karapanos, Nikolaos"]
[Black "Gurevich, Vladimir"]
[Result "0-1"]
[WhiteElo "2282"]
[BlackElo "2482"]
[PlyCount "74"]
[EventDate "2001.11.16"]
[EventType "swiss"]
[EventRounds "9"]
[EventCountry "GRE"]
[SourceTitle "CBM 085 Extra"]
[Source "ChessBase"]
[SourceDate "2002.01.21"]
[SourceVersion "1"]
[SourceVersionDate "2002.01.21"]
[SourceQuality "1"]

1. e4 c5 2. Nf3 e6 3. b3 b6 4. d4 cxd4 5. Nxd4 a6 6. Bb2 Bb7 7. Bd3 d6 8. 0-0 Nf6 9. Qe2 Nbd7 10. c4 g6 11. Nd2 Bg7 12. Rad1 0-0 13. N4f3 Qb8 14. Rfe1 Rd8 15. Bd4 e5 16. Bb2 Nc5 17. Bc2 Bc6 18. b4 Na4 19. Ba1 Nh5 20. g3 Qc8 21. Nf1 Nf6 22. Bb3 b5 23. Ng5 Ra7 24. Rc1 Qa8 25. Nd2 Re7 26. h4 Nb6 27. Qe3 Nxc4 28. Nxc4 bxc4 29. Rxc4 d5 30. exd5 Bxd5 31. Rc5 h6 32. Rd1 Bxb3 33. Rxd8+ Qxd8 34. Qxb3 hxg5 35. hxg5 Ne4 36. Rd5 Rd7 37. Rd4 exd4 0-1

[Event "Ethniki tt"]
[Site "Ethniki"]
[Date "2001.??.??"]
[Round "1"]
[White "Karapanos, Nikolaos"]
[Black "Zenelis, Konstantinos"]
[Result "1-0"]
[WhiteElo "2245"]
[BlackElo "2085"]
[PlyCount "58"]
[EventDate "2001.??.??"]
[EventType "team"]
[EventRounds "5"]
[EventCountry "GRE"]
[SourceTitle "EXT 2003"]
[Source "ChessBase"]
[SourceDate "2002.11.25"]
[SourceVersion "1"]
[SourceVersionDate "2002.11.25"]
[SourceQuality "1"]

1. e4 e6 2. b3 b6 3. Bb2 Bb7 4. Nc3 Nc6 5. Nf3 Nf6 6. e5 Nd5 7. Nxd5 exd5 8. Bb5 Be7 9. 0-0 0-0 10. Re1 a6 11. Bf1 d6 12. d4 Qd7 13. a3 Na7 14. Bd3 c5 15. Re3 Nc6 16. Qe2 dxe5 17. Nxe5 Nxe5 18. dxe5 h6 19. e6 fxe6 20. Rxe6 Bf6 21. Bxf6 Rxf6 22. Rxf6 gxf6 23. Re1 Rf8 24. Qe3 Qg7 25. Qe6+ Kh8 26. Re3 Qf7 27. Qh3 h5 28. Qf5 Bc8 29. Qf4 f5 1-0

[Event "Ethniki tt"]
[Site "Ethniki"]
[Date "2001.??.??"]
[Round "5"]
[White "Moutousis, Konstantinos"]
[Black "Karapanos, Nikolaos"]
[Result "1-0"]
[WhiteElo "2435"]
[BlackElo "2245"]
[PlyCount "61"]
[EventDate "2001.??.??"]
[EventType "team"]
[EventRounds "5"]
[EventCountry "GRE"]
[SourceTitle "EXT 2003"]
[Source "ChessBase"]
[SourceDate "2002.11.25"]
[SourceVersion "1"]
[SourceVersionDate "2002.11.25"]
[SourceQuality "1"]

1. d4 Nf6 2. c4 g6 3. Nc3 Bg7 4. e4 d6 5. Bd3 0-0 6. Nge2 e5 7. d5 c6 8. 0-0 Nbd7 9. Bc2 Nc5 10. b4 Na6 11. a3 Nh5 12. Be3 c5 13. b5 Nb8 14. Qd2 Nd7 15. f3 f5 16. exf5 gxf5 17. g4 fxg4 18. fxg4 Nf4 19. Nxf4 exf4 20. Bxf4 Qf6 21. Ne2 Qh4 22. Bg3 Qxg4 23. Qd3 Qh5 24. Nf4 Rxf4 25. Bxf4 Ne5 26. Qg3 Nxc4 27. Rae1 Bg4 28. Re7 Bd4+ 29. Kh1 h6 30. Bd1 Qxd5+ 31. Bf3 1-0

[Event "GRE-chT 29th"]
[Site "Athens"]
[Date "2000.07.09"]
[Round "4"]
[White "Karapanos, Nikolaos"]
[Black "Istratescu, Andrei"]
[Result "0-1"]
[WhiteElo "2303"]
[BlackElo "2556"]
[PlyCount "68"]
[EventDate "2000.07.06"]
[EventType "team"]
[EventRounds "8"]
[EventCountry "GRE"]
[SourceTitle "EXT 2001"]
[Source "ChessBase"]
[SourceDate "2000.11.22"]
[SourceVersion "1"]
[SourceVersionDate "2000.11.22"]
[SourceQuality "1"]

1. e4 g6 2. d4 Bg7 3. c4 d6 4. Nc3 Nc6 5. Be3 e5 6. Nge2 exd4 7. Nxd4 Nge7 8. Be2 0-0 9. 0-0 f5 10. exf5 Bxd4 11. Bxd4 Nxf5 12. Nb5 a6 13. Bc3 axb5 14. cxb5 Nce7 15. g4 Ng7 16. Qd4 Rf7 17. Bc4 d5 18. Rfe1 Bxg4 19. Qxg4 dxc4 20. Rad1 Qc8 21. Qxc4 Qf5 22. Rd2 h5 23. h3 Qg5+ 24. Kh2 Ngf5 25. Rg1 Qh4 26. Qxc7 Raf8 27. f4 Nd5 28. Rxg6+ Kh7 29. Qe5 Kxg6 30. Qe6+ Kh7 31. Rg2 Qxf4+ 32. Kh1 Qf1+ 33. Kh2 Qxg2+ 34. Kxg2 Nf4+ 0-1

[Event "GRE-chT 29th"]
[Site "Athens"]
[Date "2000.07.06"]
[Round "1"]
[White "Managadze, Nikoloz"]
[Black "Karapanos, Nikolaos"]
[Result "1/2-1/2"]
[WhiteElo "2447"]
[BlackElo "2303"]
[PlyCount "50"]
[EventDate "2000.07.06"]
[EventType "team"]
[EventRounds "8"]
[EventCountry "GRE"]
[SourceTitle "EXT 2001"]
[Source "ChessBase"]
[SourceDate "2000.11.22"]
[SourceVersion "1"]
[SourceVersionDate "2000.11.22"]
[SourceQuality "1"]

1. e4 c5 2. b3 Nc6 3. Bb2 d6 4. Bb5 Nf6 5. Bxc6+ bxc6 6. d3 e5 7. Ne2 Be7 8. 0-0 0-0 9. f4 Ng4 10. Qc1 exf4 11. h3 f3 12. gxf3 Nh6 13. Kh2 Qd7 14. Ng1 f5 15. f4 Qe6 16. Nd2 fxe4 17. dxe4 d5 18. Qe1 Ba6 19. exd5 Qxe1 20. Rfxe1 Bh4 21. Re6 Rxf4 22. Ndf3 Bf2 23. Rxc6 Bb7 24. Rc7 Bxd5 25. Rxg7+ Kf8 1/2-1/2

[Event "Thessaloniki Tower op"]
[Site "Thessaloniki"]
[Date "1999.11.18"]
[Round "9"]
[White "Mastrovasilis, Dimitrios"]
[Black "Karapanos, Nikolaos"]
[Result "1/2-1/2"]
[WhiteElo "2363"]
[BlackElo "2252"]
[PlyCount "49"]
[EventDate "1999.??.??"]
[EventType "swiss"]
[EventRounds "9"]
[EventCountry "GRE"]
[SourceTitle "EXT 2002"]
[Source "ChessBase"]
[SourceDate "2001.11.25"]
[SourceVersion "1"]
[SourceVersionDate "2001.11.25"]
[SourceQuality "1"]

1. e4 c5 2. d3 Nc6 3. f4 g6 4. Nf3 Bg7 5. Be2 d6 6. 0-0 Nf6 7. Nbd2 0-0 8. Qe1 Ng4 9. Bd1 e5 10. h3 Nh6 11. fxe5 dxe5 12. Nc4 f6 13. a4 b6 14. Be3 Be6 15. b3 a5 16. Be2 Nf7 17. Qd2 Ra7 18. Rf2 Rd7 19. Raf1 Nd4 20. Bd1 Kh8 21. Qc1 Nc6 22. Kh1 Nb4 23. Be2 Kg8 24. Kg1 Kh8 25. Kh1 1/2-1/2

[Event "Chania op 9th"]
[Site "Chania"]
[Date "1999.08.05"]
[Round "3"]
[White "Marjanovic, Slavoljub"]
[Black "Karapanos, Nikolaos"]
[Result "1-0"]
[WhiteElo "2508"]
[BlackElo "2313"]
[PlyCount "49"]
[EventDate "1999.08.03"]
[EventType "swiss"]
[EventRounds "9"]
[EventCountry "GRE"]
[SourceTitle "EXT 2000"]
[Source "ChessBase"]
[SourceDate "1999.11.16"]
[SourceVersion "1"]
[SourceVersionDate "1999.11.16"]
[SourceQuality "1"]

1. e4 c5 2. Nf3 Nc6 3. d4 cxd4 4. Nxd4 g6 5. c4 Bg7 6. Be3 Nf6 7. Nc3 Ng4 8. Qxg4 Nxd4 9. Qd1 e5 10. Nb5 0-0 11. Qd2 Qh4 12. Bd3 d5 13. h3 dxe4 14. Bg5 Qh5 15. Bxe4 Ne6 16. Be3 Rd8 17. Qa5 Bd7 18. Bxb7 Nf4 19. Bf3 Nd3+ 20. Kf1 Qh4 21. Nd6 Rab8 22. Qd5 Bf5 23. Qxf7+ Kh8 24. g3 Qxh3+ 25. Kg1 1-0